00586nam a2200181Ia 450000500170000000800410001708200160005810000220007424500580009626000530015430000250020765000240023265000140025665000160027094200060028695200970029299900150038920240516053858.0240331s9999 xx 000 0 und d bABEa333.31 aAbeysinghe, Ariya 0aAncient land tenure to modernland reform in Sri Lanka aColombobThe center for Society & Religionc1978 ax, 106 p ., ( v 1 ) aSri Lanka's History aEconomics aDevelopment cL 001040708LaWERCLbWERCLcSSCd2024-03-31l0o 333.31 ABEp284r2024-03-31w2024-03-31yL c2677d2677